| 000 | 00432cam a2200181ua 4500 | ||
|---|---|---|---|
| 020 | _c4.75 | ||
| 041 |
_ahin _h |
||
| 082 |
_a891.54 _bACH/BA |
||
| 100 | _aAcharya, Chatursen . | ||
| 245 |
_aBagula ke pankh / _cAcharya Chatursen. _hTextual Documents |
||
| 250 |
_a1 / _b. |
||
| 260 |
_aDelhi : _bRajpal and sanch , _c1960. |
||
| 300 | _a268 ; . | ||
| 365 | _a4.75 | ||
| 504 | _a | ||
| 942 | _cBK | ||
| 999 |
_c12723 _d12723 |
||